000 00559cam a2200193 4500
001 D15545
008 090401t1977 xxu||||| |||| 00| 0 eng d
035 _a(Sirsi) u23514
041 _aeng
050 _a622.14223
110 _aRoyal Institution of Chartered Surveyors
_bMinerals Division
_91255
245 _aKent`s mineral future: surface mineral extraction in relation to the Kent County Structure Plan
260 _bRICS
_c1977
300 _a27p. 31cm. maps
350 _a0
520 _aFiled in box 1977/34 A
942 _n0
948 _c04/03/1997
999 _c88421
_d88421